Biología /

Guardado en:
Autor Principal: Curtis, Helena
Formato: Libro
Publicado: Barcelona : Omega, 1978
Edición:2a. ed.
Materias:
Etiquetas: Agregar Etiqueta
Sin Etiquetas, Sea el primero en etiquetar este registro!
LEADER 02041nam a22001935a 4500
001 CEM.cems017998
005 20130423114911.0
008 130507s1978##################000#0#####d
003 CEMS
020 |a 842820358X 
082 0 4 |a 574 
100 1 |a Curtis, Helena 
245 1 0 |a Biología /  |c Helena Curtis 
250 |a 2a. ed. 
260 |a Barcelona :  |b Omega,  |c 1978 
300 |a 980 p. 
505 0 |a Las células -- Origen de las células -- Las células como organismos, plantas y animales unicelulares -- Procesos celulares y estructura -- El núcleo de la célula -- Células somáticas -- La química de la célula viva -- Moléculas biológicas -- El flujo de energía -- Los organismos -- La nomeclatura de los organismos -- Bacterias, virus y algas verdeazules -- Las primeras plantas, las talofitas -- El paso a la vida terrestre -- La vida de la planta -- Los invertebrados inferiores -- Los animales superiores, artrópodos y cordados -- Como viven los animales -- Génetica clásica -- Conceptos de herencia -- Las bases físicas de la herencia -- Mapas cromosómicos -- Genética molecular -- Hongos y microorganismos -- Acido desoxirribonucleico -- La formación de las proteínas -- Elaboración de mapas de moléculas -- Desarrollo -- Componentes simples del desarrollo -- Interacciones en el desarrollo -- Desarrollo continuo, la piel -- El desarrollo en los vertebrados concretado en el ratón -- Herencia y su modificación -- Comportamiento -- Comienzos del comportamiento, los invertebrados inferiores -- Organización del comportamiento de los artrópodos -- Fundamentos del comportamiento de los vertebrados -- Instinto, aprendizaje y memoria -- Comportamiento social -- Biología y ecología de las poblaciones -- Genética de poblaciones -- Los procesos de la evolución -- Los números de plantas y animales -- Las plantas y los animales en su ambiente -- La evolución del hombre -- Clasificación de los organismos -- Eras geológicas 
653 |a Biología 
859 |a CEMS  |b BIB. CEMS - Agricultura  |h 574  |i C943a2  |p A1849.13  |t Ej.1